Harry Potter: les Filets du Diable - Statistiques

Statistiques générales
  • Ce quiz a été pris 71 fois
  • Le résultat moyen est 4 sur 6
Statistiques - réponses
Information Réponse % Correct
Première apparition Harry Potter à l'école des sorciers
96%
Ce que ça déteste Lumière
89%
Derniere apparition Harry Potter et les Reliques de la Mort
87%
Ce que ça aime Obscurité
47%
Ce que ça aime Humidité
42%
Utilisation Protéger la pierre philosophale
16%
Aucun quiz correspondant
Distribution des résultats
% des personnes avec chaque résultat
Percentile par nombre de réponses
Votre historique - résultats
Vous n’avez pas pris ce quiz